<?xml version="1.0" encoding="UTF-8"?><marc:collection xmlns:marc="http://www.loc.gov/MARC21/slim">
  <marc:record>
    <marc:leader>03205nas a2200613 c 4500</marc:leader>
    <marc:controlfield tag="001">010000518</marc:controlfield>
    <marc:controlfield tag="003">DE-101</marc:controlfield>
    <marc:controlfield tag="005">20250821140626.0</marc:controlfield>
    <marc:controlfield tag="007">tu</marc:controlfield>
    <marc:controlfield tag="008">991118d19481993no m||p|  ||| 0||||1eng c</marc:controlfield>
    <marc:datafield tag="016" ind1="7" ind2=" ">
      <marc:subfield code="2">DE-600</marc:subfield>
      <marc:subfield code="a">68-1</marc:subfield>
    </marc:datafield>
    <marc:datafield tag="016" ind1="7" ind2=" ">
      <marc:subfield code="2">DE-101</marc:subfield>
      <marc:subfield code="a">010000518</marc:subfield>
    </marc:datafield>
    <marc:datafield tag="022" ind1=" " ind2=" ">
      <marc:subfield code="a">0001-5598</marc:subfield>
    </marc:datafield>
    <marc:datafield tag="030" ind1=" " ind2=" ">
      <marc:subfield code="a">ACENA</marc:subfield>
    </marc:datafield>
    <marc:datafield tag="030" ind1=" " ind2=" ">
      <marc:subfield code="a">ACENA7</marc:subfield>
    </marc:datafield>
    <marc:datafield tag="035" ind1=" " ind2=" ">
      <marc:subfield code="a">(DE-599)ZDB68-1</marc:subfield>
    </marc:datafield>
    <marc:datafield tag="035" ind1=" " ind2=" ">
      <marc:subfield code="a">(OCoLC)1367314810</marc:subfield>
    </marc:datafield>
    <marc:datafield tag="040" ind1=" " ind2=" ">
      <marc:subfield code="a">9001</marc:subfield>
      <marc:subfield code="b">ger</marc:subfield>
      <marc:subfield code="c">DE-101</marc:subfield>
      <marc:subfield code="d">8007</marc:subfield>
    </marc:datafield>
    <marc:datafield tag="041" ind1=" " ind2=" ">
      <marc:subfield code="a">eng</marc:subfield>
    </marc:datafield>
    <marc:datafield tag="042" ind1=" " ind2=" ">
      <marc:subfield code="a">zdb</marc:subfield>
    </marc:datafield>
    <marc:datafield tag="044" ind1=" " ind2=" ">
      <marc:subfield code="c">XA-NO</marc:subfield>
    </marc:datafield>
    <marc:datafield tag="082" ind1="7" ind2="4">
      <marc:subfield code="a">610</marc:subfield>
      <marc:subfield code="q">DE-600</marc:subfield>
      <marc:subfield code="2">22sdnb</marc:subfield>
    </marc:datafield>
    <marc:datafield tag="084" ind1=" " ind2=" ">
      <marc:subfield code="a">WA 15000</marc:subfield>
      <marc:subfield code="2">rvk</marc:subfield>
    </marc:datafield>
    <marc:datafield tag="210" ind1="0" ind2="0">
      <marc:subfield code="a">Acta Endocrinol (Copenh)</marc:subfield>
    </marc:datafield>
    <marc:datafield tag="210" ind1="0" ind2="0">
      <marc:subfield code="a">Acta Endocrinol.</marc:subfield>
    </marc:datafield>
    <marc:datafield tag="210" ind1="0" ind2="0">
      <marc:subfield code="a">Acta Endocrinol (Copenhagen)</marc:subfield>
    </marc:datafield>
    <marc:datafield tag="245" ind1="0" ind2="0">
      <marc:subfield code="a">Acta endocrinologica</marc:subfield>
    </marc:datafield>
    <marc:datafield tag="264" ind1="3" ind2="1">
      <marc:subfield code="a">Oslo</marc:subfield>
      <marc:subfield code="b">Scandinavian Univ. Press</marc:subfield>
      <marc:subfield code="c">1948-1993</marc:subfield>
    </marc:datafield>
    <marc:datafield tag="264" ind1="2" ind2="1">
      <marc:subfield code="3">-1956</marc:subfield>
      <marc:subfield code="a">Copenhagen</marc:subfield>
      <marc:subfield code="b">Munksgaard</marc:subfield>
    </marc:datafield>
    <marc:datafield tag="264" ind1="2" ind2="1">
      <marc:subfield code="3">1957-1987</marc:subfield>
      <marc:subfield code="a">Copenhagen</marc:subfield>
      <marc:subfield code="b">Periodica</marc:subfield>
    </marc:datafield>
    <marc:datafield tag="264" ind1="2" ind2="1">
      <marc:subfield code="3">1988-1991</marc:subfield>
      <marc:subfield code="a">Copenhagen</marc:subfield>
      <marc:subfield code="b">Rhodos International Science and Art Publ.</marc:subfield>
    </marc:datafield>
    <marc:datafield tag="336" ind1=" " ind2=" ">
      <marc:subfield code="a">Text</marc:subfield>
      <marc:subfield code="b">txt</marc:subfield>
      <marc:subfield code="2">rdacontent</marc:subfield>
    </marc:datafield>
    <marc:datafield tag="337" ind1=" " ind2=" ">
      <marc:subfield code="a">ohne Hilfsmittel zu benutzen</marc:subfield>
      <marc:subfield code="b">n</marc:subfield>
      <marc:subfield code="2">rdamedia</marc:subfield>
    </marc:datafield>
    <marc:datafield tag="338" ind1=" " ind2=" ">
      <marc:subfield code="a">Band</marc:subfield>
      <marc:subfield code="b">nc</marc:subfield>
      <marc:subfield code="2">rdacarrier</marc:subfield>
    </marc:datafield>
    <marc:datafield tag="362" ind1="0" ind2=" ">
      <marc:subfield code="a">1.1948 - 129.1993</marc:subfield>
    </marc:datafield>
    <marc:datafield tag="363" ind1="0" ind2="0">
      <marc:subfield code="8">1.1\x</marc:subfield>
      <marc:subfield code="a">1</marc:subfield>
      <marc:subfield code="i">1948</marc:subfield>
    </marc:datafield>
    <marc:datafield tag="363" ind1="1" ind2="0">
      <marc:subfield code="8">1.2\x</marc:subfield>
      <marc:subfield code="a">129</marc:subfield>
      <marc:subfield code="i">1993</marc:subfield>
    </marc:datafield>
    <marc:datafield tag="501" ind1=" " ind2=" ">
      <marc:subfield code="a">Ab 1989 ungezählte Beil.: Supplementum</marc:subfield>
    </marc:datafield>
    <marc:datafield tag="550" ind1=" " ind2=" ">
      <marc:subfield code="a">Hrsg. anfangs: Axel Westman</marc:subfield>
    </marc:datafield>
    <marc:datafield tag="591" ind1=" " ind2=" ">
      <marc:subfield code="a">F/AC</marc:subfield>
    </marc:datafield>
    <marc:datafield tag="650" ind1=" " ind2="7">
      <marc:subfield code="0">(DE-588)4014663-7</marc:subfield>
      <marc:subfield code="0">https://d-nb.info/gnd/4014663-7</marc:subfield>
      <marc:subfield code="0">(DE-101)040146634</marc:subfield>
      <marc:subfield code="a">Endokrinologie</marc:subfield>
      <marc:subfield code="9">rswk-swf</marc:subfield>
      <marc:subfield code="2">gnd</marc:subfield>
    </marc:datafield>
    <marc:datafield tag="655" ind1=" " ind2="7">
      <marc:subfield code="0">(DE-588)4067488-5</marc:subfield>
      <marc:subfield code="0">https://d-nb.info/gnd/4067488-5</marc:subfield>
      <marc:subfield code="0">(DE-101)040674886</marc:subfield>
      <marc:subfield code="a">Zeitschrift</marc:subfield>
      <marc:subfield code="2">gnd-content</marc:subfield>
    </marc:datafield>
    <marc:datafield tag="655" ind1=" " ind2="7">
      <marc:subfield code="a">Zeitschrift</marc:subfield>
      <marc:subfield code="9">rswk-swf</marc:subfield>
      <marc:subfield code="2">gnd</marc:subfield>
    </marc:datafield>
    <marc:datafield tag="689" ind1="0" ind2="0">
      <marc:subfield code="0">(DE-588)4014663-7</marc:subfield>
      <marc:subfield code="0">https://d-nb.info/gnd/4014663-7</marc:subfield>
      <marc:subfield code="0">(DE-101)040146634</marc:subfield>
      <marc:subfield code="D">s</marc:subfield>
      <marc:subfield code="a">Endokrinologie</marc:subfield>
    </marc:datafield>
    <marc:datafield tag="689" ind1="0" ind2="1">
      <marc:subfield code="A">f</marc:subfield>
      <marc:subfield code="a">Zeitschrift</marc:subfield>
    </marc:datafield>
    <marc:datafield tag="689" ind1="0" ind2=" ">
      <marc:subfield code="5">DE-600</marc:subfield>
      <marc:subfield code="5">DE-600</marc:subfield>
    </marc:datafield>
    <marc:datafield tag="776" ind1="0" ind2="8">
      <marc:subfield code="i">Erscheint auch als</marc:subfield>
      <marc:subfield code="n">Online-Ausgabe</marc:subfield>
      <marc:subfield code="t">Acta endocrinologica</marc:subfield>
      <marc:subfield code="d">Bristol : BioScientifica Ltd., 1948-1993</marc:subfield>
      <marc:subfield code="h">Online-Ressource</marc:subfield>
      <marc:subfield code="x">2053-4167</marc:subfield>
      <marc:subfield code="w">(DE-600)3223612-8</marc:subfield>
      <marc:subfield code="w">(DE-101)1374450022</marc:subfield>
    </marc:datafield>
    <marc:datafield tag="785" ind1="0" ind2="0">
      <marc:subfield code="i">Forts.:</marc:subfield>
      <marc:subfield code="t">EJE</marc:subfield>
      <marc:subfield code="d">Bristol : BioScientifica Ltd., 1994-</marc:subfield>
      <marc:subfield code="x">0804-4643</marc:subfield>
      <marc:subfield code="w">(DE-600)1183856-5</marc:subfield>
      <marc:subfield code="w">(DE-101)01711330X</marc:subfield>
    </marc:datafield>
    <marc:datafield tag="787" ind1="0" ind2="8">
      <marc:subfield code="i">5,3-4=1 von</marc:subfield>
      <marc:subfield code="a">Scandinavian Congress for Endocrinology</marc:subfield>
      <marc:subfield code="t">Transactions of the ... Scandinavian Congress for Endocrinology</marc:subfield>
      <marc:subfield code="d">Copenhagen : Munksgaard, 1950-1950</marc:subfield>
      <marc:subfield code="w">(DE-600)615274-0</marc:subfield>
      <marc:subfield code="w">(DE-101)013570242</marc:subfield>
    </marc:datafield>
    <marc:datafield tag="787" ind1="0" ind2="8">
      <marc:subfield code="i">18,4=1 von</marc:subfield>
      <marc:subfield code="a">Acta Endocrinologica Congress</marc:subfield>
      <marc:subfield code="t">Transactions of the ... Acta Endocrinologica Congress</marc:subfield>
      <marc:subfield code="d">Copenhagen : Munksgaard, 1955-1957</marc:subfield>
      <marc:subfield code="w">(DE-600)6721-0</marc:subfield>
      <marc:subfield code="w">(DE-101)010090673</marc:subfield>
    </marc:datafield>
    <marc:datafield tag="787" ind1="0" ind2="8">
      <marc:subfield code="i">97=13 von</marc:subfield>
      <marc:subfield code="a">Acta Endocrinologica Congress</marc:subfield>
      <marc:subfield code="t">Advance abstracts of papers / Acta Endocrinologica Congress</marc:subfield>
      <marc:subfield code="d">Copenhagen : Periodica, 1962-1985</marc:subfield>
      <marc:subfield code="w">(DE-600)137462-X</marc:subfield>
      <marc:subfield code="w">(DE-101)010802592</marc:subfield>
    </marc:datafield>
    <marc:datafield tag="787" ind1="0" ind2="8">
      <marc:subfield code="i">120,Suppl.1=33; 122,Suppl.1=34; 124,Suppl.1=35; 126,Suppl.4=36 von</marc:subfield>
      <marc:subfield code="a">Deutsche Gesellschaft für Endokrinologie</marc:subfield>
      <marc:subfield code="t">Program of plenary sessions and abstracts</marc:subfield>
      <marc:subfield code="d">[Wechselnde Erscheinungsorte] : [Verlag nicht ermittelbar], 1984-1999</marc:subfield>
      <marc:subfield code="x">0906-9666</marc:subfield>
      <marc:subfield code="w">(DE-600)10451-6</marc:subfield>
      <marc:subfield code="w">(DE-101)010148795</marc:subfield>
    </marc:datafield>
    <marc:datafield tag="787" ind1="0" ind2="8">
      <marc:subfield code="i">120,Suppl.2=24; 122,Suppl.3=25; 124,Suppl.3=26; 126,Suppl.3=27; 128,Suppl.1=28 von</marc:subfield>
      <marc:subfield code="a">Scandinavian Society for the Study of Diabetes</marc:subfield>
      <marc:subfield code="t">Advance abstracts of papers / Scandinavian Society for the Study of Diabetes</marc:subfield>
      <marc:subfield code="d">Bristol : BioScientifica Ltd., 1977-</marc:subfield>
      <marc:subfield code="w">(DE-600)767751-0</marc:subfield>
      <marc:subfield code="w">(DE-101)014197421</marc:subfield>
    </marc:datafield>
    <marc:datafield tag="850" ind1=" " ind2=" ">
      <marc:subfield code="a">DE-101a</marc:subfield>
    </marc:datafield>
  </marc:record>
</marc:collection>
